Mindfulness y síntomas de depresión en adolescentes mexicanos estudiantes de bachillerato (Record no. 187843)

MARC details
000 -CABECERA
campo de control de longitud fija 01929nab a2200313 a 4500
005 - FECHA Y HORA DE LA ÚLTIMA TRANSACCIÓN
campo de control 20250319175954.0
008 - ELEMENTOS DE LONGITUD FIJA--INFORMACIÓN GENERAL
campo de control de longitud fija 991125c2016 cr fr p o 000 0 spa d
035 ## - NÚMERO DE CONTROL DEL SISTEMA
Número de control de sistema UPN01000215743
040 ## - FUENTE DE LA CATALOGACIÓN
Centro catalogador/agencia de origen UPN
Lengua de catalogación spa
Centro/agencia transcriptor UPN
Normas de descripción aacr2
049 ## - COLECCIÓN
Colección ART-E
100 1# - ASIENTO PRINCIPAL--NOMBRE PERSONAL
Nombre de persona Veytia López, Marcela
Enlace - mveytial@uaemex.mx
100 1# - ASIENTO PRINCIPAL--NOMBRE PERSONAL
Nombre de persona Guadarrama Guadarrama, Rosalinda
100 1# - ASIENTO PRINCIPAL--NOMBRE PERSONAL
Nombre de persona Márquez Mendoza, Octavio
100 1# - ASIENTO PRINCIPAL--NOMBRE PERSONAL
Nombre de persona Fajardo Gómez, Rocio J.
245 10 - MENCIÓN DE TÍTULO
Título Mindfulness y síntomas de depresión en adolescentes mexicanos estudiantes de bachillerato
506 0# - NOTA DE RESTRICCIONES AL ACCESO
Limitaciones de acceso Acceso abierto
520 3# - NOTA DE RESUMEN, ETC.
Sumario, etc. El objetivo de esta investigación fue identificar la asociación entre síntomas depresivos y niveles de mindfulness en adolescentes mexicanos estudiantes de bachillerato. Se realizó un estudio transversal con 930 estudiantes de bachillerato entre 15 y 19 años de edad. Se aplicaron los instrumentos CESD (síntomas de depresión) y MAAS (mindfulness) y se encontró un 17.3% de prevalencia de síntomas depresivos. Además, el 55.2% de los participantes presentaron niveles bajos de mindfulness; los adolescentes con síntomas depresivos presentaron mayores niveles de mindfulness. La asociación entre síntomas de depresión y mindfulness fue negativa (r = -0.53; <.001). Conclusión: Impulsar el estudio sobre el rasgo de atención plena o mindfulness como un factor psicológico positivo porque se demuestra su efecto reductor en síntomas de depresión.
650 #2 - ASIENTO SECUNDARIO DE MATERIA - TERMINO TEMATICO
Término de materia o nombre geográfico como elemento de entrada Depresiones
9 (RLIN) 13262
650 #0 - ASIENTO SECUNDARIO DE MATERIA - TERMINO TEMATICO
Término de materia o nombre geográfico como elemento de entrada Adolescentes
9 (RLIN) 1014
650 #4 - ASIENTO SECUNDARIO DE MATERIA - TERMINO TEMATICO
Término de materia o nombre geográfico como elemento de entrada Estudiantes
9 (RLIN) 13250
653 0# - TERMINO DE INDIZACION - NO CONTROLADO
Término no controlado Mindfulness
653 0# - TERMINO DE INDIZACION - NO CONTROLADO
Término no controlado Bachillerato elemental
773 ## - ENLACE AL DOCUMENTO FUENTE/ENTRADA DE REGISTRO ANFITRIÓN
Parte(s) relacionada(s) Vol. 30, no. 121 (2016), p. 39-48
Título Actualidades en psicología
Número Internacional Normalizado para Publicaciones Seriadas 2215-3535
856 4# - LOCALIZACIÓN Y ACCESO ELECTRÓNICOS
Identificador Uniforme del Recurso <a href="https://revistas.ucr.ac.cr/index.php/actualidades/article/view/24047">https://revistas.ucr.ac.cr/index.php/actualidades/article/view/24047</a>
856 4# - LOCALIZACIÓN Y ACCESO ELECTRÓNICOS
Identificador Uniforme del Recurso <a href="https://doi.org/10.15517/ap.v30i121.24047">https://doi.org/10.15517/ap.v30i121.24047</a>
902 ## - ELEMENTOS DE DATOS B LOCAL, LDB (RLIN)
Creó Gloria Jiménez/1124
905 ## - TIPO DE MATERIAL
Tipo de material Articulo
942 ## - ELEMENTOS DE PUNTO DE ACCESO ADICIONAL (KOHA)
Tipo de ítem Koha Artículo Electrónico
Holdings
Estado de retiro Estado de pérdida Estado dañado No para préstamo Código de colección Localización permanente Ubicación/localización actual Ubicación en estantería Fecha de adquisición Total de préstamos Fecha visto por última vez Identificador Uniforme del Recurso Precio válido a partir de Tipo de ítem Koha
        Acceso abierto Bib. Gregorio Torres Quintero Bib. Gregorio Torres Quintero En línea 13/11/2024   13/11/2024 https://doi.org/10.15517/ap.v30i121.24047 13/11/2024 Artículo Electrónico